10 x 10 Nonogram with Whammies - "Fluttering" - Statistics

General Stats
  • This quiz has been taken 835 times
  • The average score is 75 of 100
Answer Stats
Answer % Correct
d
95%
d
95%
d
94%
d
94%
d
94%
d
94%
x
87%
x
87%
d
86%
d
86%
x
85%
x
83%
d
82%
d
82%
d
81%
x
81%
x
81%
x
81%
d
80%
x
80%
x
80%
d
79%
x
79%
x
79%
d
78%
d
78%
d
78%
d
78%
x
78%
x
78%
x
78%
d
77%
x
77%
x
77%
x
77%
d
76%
d
76%
x
76%
x
76%
x
76%
x
76%
x
76%
x
76%
d
75%
x
75%
x
75%
d
74%
d
74%
d
74%
d
74%
d
74%
x
74%
x
74%
x
74%
x
74%
x
74%
d
73%
d
73%
d
73%
d
73%
d
73%
x
73%
x
73%
x
73%
x
73%
x
73%
x
73%
d
72%
x
72%
x
72%
x
71%
x
71%
x
71%
d
70%
d
70%
x
70%
d
69%
d
69%
x
69%
x
69%
x
69%
x
69%
x
69%
d
68%
d
68%
x
68%
x
68%
d
67%
x
67%
x
67%
d
66%
x
66%
x
66%
d
65%
x
65%
d
64%
d
64%
d
64%
x
62%
d
61%
No matching quizzes found
Score Distribution
Percent of People with Each Score
Percentile by Number Answered
Your Score History
You have not taken this quiz